000 00207 a2200097 4500
001 5907
100 _aLadner,AW
245 _aShort Wave W/Less communication
260 _a
_bChapman
_c
090 _c4823
_d4823
942 _aNUST-CAE
_cM
_c31182
999 _c240980
_d240980